000 00446pab a2200145 454500
008 180718b1985 xxu||||| |||| 00| 0 eng d
100 _aVenkatswamy, G.
245 _aEnvironment of state government enterprises with special reference to Andhra Pradesh
260 _c1985
300 _a33-50
362 _aJan.-Mar.
650 _aGovernment Enterprise - India - Andhra Pradesh
773 _aInstitute of Public Enterprise Journal
909 _a9310
999 _c9310
_d9310